[Event "Turniej Przyjazni Polsko-Wegierskiej"]
[Site "Katowice"]
[Date "2018.05.05"]
[Round "2.5"]
[White "Lapczynski, Artur"]
[Black "Krasenkow, Michal"]
[Result "0-1"]
[BlackElo "2546"]
[WhiteElo "1946"]
[LiveChessVersion "1.4.8"]

1. e4 {[%clk 0:15:17]} d6 {[%clk 0:15:19]} 2. d4 {[%clk 0:15:24]} Nf6
{[%clk 0:15:29]} 3. Nc3 {[%clk 0:15:32]} c6 {[%clk 0:15:38]} 4. f3
{[%clk 0:14:26]} Nbd7 {[%clk 0:15:34]} 5. Be3 {[%clk 0:14:33]} e5
{[%clk 0:15:43]} 6. Qd2 {[%clk 0:13:43]} Be7 {[%clk 0:15:51]} 7. g4
{[%clk 0:13:18]} O-O {[%clk 0:15:58]} 8. O-O-O {[%clk 0:12:17]} b5
{[%clk 0:16:06]} 9. h4 {[%clk 0:11:13]} Qa5 {[%clk 0:15:58]} 10. Kb1
{[%clk 0:09:55]} b4 {[%clk 0:15:58]} 11. Nce2 {[%clk 0:09:57]} c5
{[%clk 0:15:52]} 12. d5 {[%clk 0:09:11]} c4 {[%clk 0:15:39]} 13. b3
{[%clk 0:07:58]} c3 {[%clk 0:14:12]} 14. Qc1 {[%clk 0:07:52]} Bd8
{[%clk 0:13:32]} 15. Ng3 {[%clk 0:06:34]} Nc5 {[%clk 0:12:06]} 16. g5
{[%clk 0:06:25]} Ne8 {[%clk 0:12:12]} 17. h5 {[%clk 0:05:28]} f5 {[%clk 0:10:51]}
18. exf5 {[%clk 0:04:48]} Bxf5 {[%clk 0:10:56]} 19. Nxf5 {[%clk 0:04:52]} Rxf5
{[%clk 0:11:05]} 20. Bh3 {[%clk 0:05:00]} Rf8 {[%clk 0:10:56]} 21. g6
{[%clk 0:04:28]} hxg6 {[%clk 0:08:06]} 22. hxg6 {[%clk 0:04:34]} Rf6
{[%clk 0:08:16]} 23. Bxc5 {[%clk 0:03:40]} Qxc5 {[%clk 0:08:24]} 24. Be6+
{[%clk 0:03:48]} Kf8 {[%clk 0:08:34]} 25. Rh8+ {[%clk 0:03:33]} Ke7
{[%clk 0:08:43]} 26. Bf7 {[%clk 0:03:42]} Nc7 {[%clk 0:08:48]} 27. Qg5
{[%clk 0:03:26]} Nb5 {[%clk 0:07:47]} 28. Qg4 {[%clk 0:02:00]} Na3+
{[%clk 0:07:56]} 29. Ka1 {[%clk 0:02:09]} Nxc2+ {[%clk 0:08:05]} 30. Kb1
{[%clk 0:02:18]} Na3+ {[%clk 0:08:13]} 31. Ka1 {[%clk 0:02:28]} Qb5
{[%clk 0:08:02]} 32. Re8+ {[%clk 0:02:04]} Qxe8 {[%clk 0:08:10]} 33. Bxe8
{[%clk 0:02:13]} Kxe8 {[%clk 0:08:16]} 34. Qxb4 {[%clk 0:02:16]} Nc2+
{[%clk 0:08:25]} 0-1

[Event "Turniej Przyjazni Polsko-Wegierskiej"]
[Site "Katowice"]
[Date "2018.05.05"]
[Round "2.6"]
[White "Klekowski, Maciej"]
[Black "Deren, Marcin"]
[Result "1-0"]
[BlackElo "1937"]
[WhiteElo "2536"]
[LiveChessVersion "1.4.8"]

1. c4 {[%clk 0:15:17]} e5 {[%clk 0:15:06]} 2. Nc3 {[%clk 0:15:24]} Nf6
{[%clk 0:15:14]} 3. g3 {[%clk 0:15:32]} Bc5 {[%clk 0:14:47]} 4. Bg2
{[%clk 0:15:41]} O-O {[%clk 0:14:50]} 5. e3 {[%clk 0:15:49]} c6 {[%clk 0:14:41]}
6. Nge2 {[%clk 0:15:33]} d5 {[%clk 0:14:34]} 7. cxd5 {[%clk 0:15:41]} cxd5
{[%clk 0:14:43]} 8. d4 {[%clk 0:15:50]} exd4 {[%clk 0:14:43]} 9. exd4
{[%clk 0:15:48]} Bb4 {[%clk 0:14:39]} 10. O-O {[%clk 0:15:55]} Nc6
{[%clk 0:11:06]} 11. Bg5 {[%clk 0:15:55]} Be6 {[%clk 0:10:22]} 12. Bxf6
{[%clk 0:14:25]} Qxf6 {[%clk 0:10:03]} 13. Nxd5 {[%clk 0:14:28]} Bxd5
{[%clk 0:10:00]} 14. Bxd5 {[%clk 0:14:36]} Rad8 {[%clk 0:09:51]} 15. Bxc6
{[%clk 0:14:03]} bxc6 {[%clk 0:09:29]} 16. Rc1 {[%clk 0:13:28]} Rfe8
{[%clk 0:08:54]} 17. a3 {[%clk 0:13:23]} Ba5 {[%clk 0:08:55]} 18. Qd3
{[%clk 0:13:12]} Bb6 {[%clk 0:06:46]} 19. Rcd1 {[%clk 0:12:48]} c5
{[%clk 0:06:06]} 20. Rfe1 {[%clk 0:12:23]} cxd4 {[%clk 0:05:45]} 21. Nf4
{[%clk 0:12:18]} Rxe1+ {[%clk 0:05:32]} 22. Rxe1 {[%clk 0:12:26]} g6
{[%clk 0:05:15]} 23. Re2 {[%clk 0:11:24]} Rc8 {[%clk 0:02:34]} 24. Qe4
{[%clk 0:11:15]} Rc1+ {[%clk 0:02:23]} 25. Kg2 {[%clk 0:11:22]} Qc6
{[%clk 0:02:32]} 26. Qxc6 {[%clk 0:09:45]} Rxc6 {[%clk 0:02:40]} 27. Nd3
{[%clk 0:09:52]} Kf8 {[%clk 0:01:35]} 28. Kf1 {[%clk 0:09:26]} Re6
{[%clk 0:01:08]} 29. Rxe6 {[%clk 0:08:41]} fxe6 {[%clk 0:01:17]} 30. Ke2
{[%clk 0:08:50]} Ke7 {[%clk 0:01:12]} 31. Kf3 {[%clk 0:08:58]} Kd6
{[%clk 0:01:03]} 32. Ke4 {[%clk 0:09:05]} a5 {[%clk 0:01:04]} 33. Ne5
{[%clk 0:08:31]} Ke7 {[%clk 0:00:46]} 34. f3 {[%clk 0:08:21]} 1-0

[Event "Turniej Przyjazni Polsko-Wegierskiej"]
[Site "Katowice"]
[Date "2018.05.05"]
[Round "2.7"]
[White "Popiol, Michal"]
[Black "Swayams, Mishra"]
[Result "1-0"]
[BlackElo "2518"]
[WhiteElo "1926"]
[LiveChessVersion "1.4.8"]

1. d4 {[%clk 0:15:18]} e6 {[%clk 0:15:14]} 2. c4 {[%clk 0:15:21]} Nf6
{[%clk 0:15:18]} 3. Nf3 {[%clk 0:15:28]} b6 {[%clk 0:15:13]} 4. a3
{[%clk 0:15:36]} Bb7 {[%clk 0:15:19]} 5. Nc3 {[%clk 0:15:45]} d5 {[%clk 0:15:28]}
6. cxd5 {[%clk 0:15:54]} Nxd5 {[%clk 0:15:37]} 7. e3 {[%clk 0:15:58]} g6
{[%clk 0:15:38]} 8. Bb5+ {[%clk 0:15:21]} c6 {[%clk 0:15:37]} 9. Bd3
{[%clk 0:15:28]} Bg7 {[%clk 0:15:45]} 10. O-O {[%clk 0:15:24]} O-O
{[%clk 0:15:48]} 11. Qe2 {[%clk 0:14:52]} Nd7 {[%clk 0:15:42]} 12. e4
{[%clk 0:14:33]} Nxc3 {[%clk 0:15:16]} 13. bxc3 {[%clk 0:14:42]} c5
{[%clk 0:14:41]} 14. Bg5 {[%clk 0:14:21]} Qc7 {[%clk 0:14:16]} 15. e5
{[%clk 0:13:46]} Rfe8 {[%clk 0:13:30]} 16. h4 {[%clk 0:13:17]} h6
{[%clk 0:10:59]} 17. Be3 {[%clk 0:13:04]} Red8 {[%clk 0:09:54]} 18. h5
{[%clk 0:12:34]} Nf8 {[%clk 0:09:26]} 19. Nh2 {[%clk 0:10:41]} Qe7
{[%clk 0:08:16]} 20. Rad1 {[%clk 0:08:50]} cxd4 {[%clk 0:08:04]} 21. cxd4
{[%clk 0:08:55]} Qh4 {[%clk 0:08:00]} 22. hxg6 {[%clk 0:07:48]} fxg6
{[%clk 0:08:06]} 23. Qg4 {[%clk 0:07:09]} Qxg4 {[%clk 0:07:54]} 24. Nxg4
{[%clk 0:07:17]} h5 {[%clk 0:08:01]} 25. Nh6+ {[%clk 0:06:23]} Bxh6
{[%clk 0:07:27]} 26. Bxh6 {[%clk 0:06:31]} Rxd4 {[%clk 0:07:26]} 27. Be3
{[%clk 0:05:29]} Rd5 {[%clk 0:07:17]} 28. f4 {[%clk 0:05:06]} Rad8
{[%clk 0:07:19]} 29. Be2 {[%clk 0:05:13]} Rxd1 {[%clk 0:06:35]} 30. Rxd1
{[%clk 0:05:22]} Rxd1+ {[%clk 0:06:44]} 31. Bxd1 {[%clk 0:05:31]} Bc6
{[%clk 0:06:19]} 32. Bd2 {[%clk 0:05:20]} Kf7 {[%clk 0:06:18]} 33. Bb4
{[%clk 0:05:25]} Nd7 {[%clk 0:06:26]} 34. Bd6 {[%clk 0:05:30]} b5
{[%clk 0:06:24]} 35. Kf2 {[%clk 0:05:20]} a6 {[%clk 0:06:30]} 36. Bb3
{[%clk 0:04:58]} Bd5 {[%clk 0:06:31]} 37. Bc2 {[%clk 0:04:42]} Nb6
{[%clk 0:06:32]} 38. Bc5 {[%clk 0:04:41]} Nc4 {[%clk 0:06:25]} 39. Bd3
{[%clk 0:03:54]} Nb2 {[%clk 0:06:11]} 40. Bc2 {[%clk 0:03:54]} Bc6
{[%clk 0:04:31]} 41. g3 {[%clk 0:03:50]} Nc4 {[%clk 0:04:09]} 42. Bd3
{[%clk 0:03:51]} Nd2 {[%clk 0:03:46]} 43. Ke3 {[%clk 0:03:50]} Nf3
{[%clk 0:02:53]} 44. Be2 {[%clk 0:03:33]} Ne1 {[%clk 0:01:54]} 45. Bd1
{[%clk 0:02:57]} h4 {[%clk 0:01:41]} 46. gxh4 {[%clk 0:02:25]} Ng2+
{[%clk 0:01:49]} 47. Kf2 {[%clk 0:02:19]} Nxf4 {[%clk 0:01:15]} 48. Kg3
{[%clk 0:02:16]} Nd3 {[%clk 0:01:20]} 49. Bd6 {[%clk 0:02:19]} Nb2
{[%clk 0:01:01]} 50. Be2 {[%clk 0:02:22]} Be4 {[%clk 0:01:03]} 51. Kf4
{[%clk 0:02:23]} Bd3 {[%clk 0:01:09]} 52. Bf3 {[%clk 0:01:18]} Nc4
{[%clk 0:01:15]} 53. Bb7 {[%clk 0:01:08]} a5 {[%clk 0:01:08]} 54. Bc5
{[%clk 0:01:03]} Nb2 {[%clk 0:00:36]} 55. Bc6 {[%clk 0:01:02]} Bc4
{[%clk 0:00:32]} 56. Be4 {[%clk 0:00:58]} Bd5 {[%clk 0:00:20]} 57. Bc2
{[%clk 0:01:04]} Bc6 {[%clk 0:00:25]} 58. Kg5 {[%clk 0:01:08]} Kg7
{[%clk 0:00:28]} 59. Bxg6 {[%clk 0:01:05]} Nc4 {[%clk 0:00:37]} 60. h5
{[%clk 0:00:59]} b4 {[%clk 0:00:28]} 61. axb4 {[%clk 0:01:02]} a4
{[%clk 0:00:37]} 62. h6+ {[%clk 0:01:05]} Kh8 {[%clk 0:00:41]} 63. Be7
{[%clk 0:01:05]} 1-0

[Event "Turniej Przyjazni Polsko-Wegierskiej"]
[Site "Katowice"]
[Date "2018.05.05"]
[Round "2.8"]
[White "Omelja, Artem"]
[Black "Stebel, Jacek"]
[Result "1-0"]
[BlackElo "1920"]
[WhiteElo "2483"]
[LiveChessVersion "1.4.8"]

1. d4 {[%clk 0:15:16]} Nf6 {[%clk 0:15:17]} 2. c4 {[%clk 0:15:23]} g6
{[%clk 0:15:25]} 3. Nc3 {[%clk 0:15:29]} d5 {[%clk 0:15:33]} 4. Bf4
{[%clk 0:15:25]} Bg7 {[%clk 0:15:41]} 5. e3 {[%clk 0:15:31]} O-O {[%clk 0:15:48]}
6. Rc1 {[%clk 0:15:38]} c5 {[%clk 0:15:24]} 7. dxc5 {[%clk 0:15:41]} Qa5
{[%clk 0:14:56]} 8. Qa4 {[%clk 0:14:37]} Qxc5 {[%clk 0:14:11]} 9. b4
{[%clk 0:14:31]} Qc6 {[%clk 0:13:44]} 10. Nf3 {[%clk 0:14:27]} Qxa4
{[%clk 0:09:54]} 11. Nxa4 {[%clk 0:14:34]} Bd7 {[%clk 0:09:03]} 12. Nc5
{[%clk 0:14:19]} b6 {[%clk 0:07:41]} 13. Nxd7 {[%clk 0:14:14]} Nbxd7
{[%clk 0:07:49]} 14. Bd3 {[%clk 0:14:03]} Nh5 {[%clk 0:07:27]} 15. Bc7
{[%clk 0:12:21]} dxc4 {[%clk 0:06:51]} 16. Rxc4 {[%clk 0:11:51]} Rac8
{[%clk 0:05:31]} 17. Ke2 {[%clk 0:11:49]} Nhf6 {[%clk 0:04:52]} 18. Rhc1
{[%clk 0:10:36]} Nd5 {[%clk 0:04:27]} 19. Be4 {[%clk 0:10:31]} b5
{[%clk 0:03:57]} 20. R4c2 {[%clk 0:09:54]} Nxb4 {[%clk 0:03:54]} 21. Rd2
{[%clk 0:10:00]} Nf6 {[%clk 0:02:43]} 22. Bb7 {[%clk 0:10:04]} e6
{[%clk 0:01:36]} 23. Bxc8 {[%clk 0:09:49]} Rxc8 {[%clk 0:01:45]} 24. Rd8+
{[%clk 0:09:55]} Rxd8 {[%clk 0:01:45]} 25. Bxd8 {[%clk 0:10:03]} Nfd5
{[%clk 0:01:47]} 26. Rc8 {[%clk 0:09:15]} Bf8 {[%clk 0:01:56]} 27. a3
{[%clk 0:08:58]} Na2 {[%clk 0:01:53]} 28. Nd4 {[%clk 0:08:14]} Kg7
{[%clk 0:01:01]} 29. e4 {[%clk 0:07:38]} Ndc3+ {[%clk 0:00:58]} 30. Kd3
{[%clk 0:07:46]} b4 {[%clk 0:00:58]} 31. e5 {[%clk 0:07:19]} Nc1+
{[%clk 0:00:55]} 32. Kc2 {[%clk 0:07:26]} N1e2 {[%clk 0:01:03]} 33. Bf6+
{[%clk 0:07:28]} Kh6 {[%clk 0:00:41]} 34. Nxe2 {[%clk 0:07:33]} 1-0

[Event "Turniej Przyjazni Polsko-Wegierskiej"]
[Site "Katowice"]
[Date "2018.05.05"]
[Round "2.9"]
[White "Brylski, Pawel"]
[Black "Orzech, Dominik"]
[Result "0-1"]
[BlackElo "2417"]
[WhiteElo "1918"]
[LiveChessVersion "1.4.8"]

1. e4 {[%clk 0:15:17]} Nf6 {[%clk 0:15:09]} 2. e5 {[%clk 0:15:24]} Nd5
{[%clk 0:15:18]} 3. c4 {[%clk 0:15:33]} Nb6 {[%clk 0:15:26]} 4. c5
{[%clk 0:15:41]} Nd5 {[%clk 0:15:35]} 5. Nc3 {[%clk 0:15:49]} c6 {[%clk 0:15:42]}
6. Nf3 {[%clk 0:15:41]} b6 {[%clk 0:15:18]} 7. cxb6 {[%clk 0:15:31]} Qxb6
{[%clk 0:15:24]} 8. d4 {[%clk 0:15:36]} e6 {[%clk 0:15:25]} 9. Bd3
{[%clk 0:14:50]} Ba6 {[%clk 0:14:35]} 10. O-O {[%clk 0:14:47]} h6
{[%clk 0:14:41]} 11. a3 {[%clk 0:14:24]} Be7 {[%clk 0:14:43]} 12. Re1
{[%clk 0:13:52]} O-O {[%clk 0:14:37]} 13. Bc2 {[%clk 0:13:47]} d6
{[%clk 0:13:57]} 14. Ne4 {[%clk 0:13:39]} Qc7 {[%clk 0:13:40]} 15. exd6
{[%clk 0:12:54]} Bxd6 {[%clk 0:13:49]} 16. Nxd6 {[%clk 0:13:02]} Qxd6
{[%clk 0:13:57]} 17. Ne5 {[%clk 0:12:28]} Nf6 {[%clk 0:10:24]} 18. Bf4
{[%clk 0:10:59]} Rc8 {[%clk 0:07:44]} 19. Qf3 {[%clk 0:09:24]} Qd5
{[%clk 0:06:31]} 20. Be4 {[%clk 0:08:18]} Nxe4 {[%clk 0:06:11]} 21. Rxe4
{[%clk 0:08:26]} Nd7 {[%clk 0:03:44]} 22. Qg3 {[%clk 0:02:48]} Qxe4
{[%clk 0:03:26]} 23. Nxd7 {[%clk 0:02:54]} Qg6 {[%clk 0:03:05]} 24. Qf3
{[%clk 0:02:41]} Qd3 {[%clk 0:02:44]} 25. Qg4 {[%clk 0:02:31]} Qf5
{[%clk 0:02:36]} 26. Qg3 {[%clk 0:02:30]} Kh7 {[%clk 0:02:21]} 27. Nc5
{[%clk 0:02:29]} Bc4 {[%clk 0:02:28]} 28. Re1 {[%clk 0:02:37]} Bd5
{[%clk 0:02:33]} 29. f3 {[%clk 0:02:28]} a5 {[%clk 0:02:34]} 30. Be5
{[%clk 0:02:13]} Qg6 {[%clk 0:02:38]} 31. Qf2 {[%clk 0:02:22]} Ra7
{[%clk 0:02:33]} 32. Kh1 {[%clk 0:02:04]} Rd8 {[%clk 0:02:10]} 33. Qd2
{[%clk 0:02:09]} Raa8 {[%clk 0:02:03]} 34. Bc7 {[%clk 0:01:56]} Re8
{[%clk 0:01:46]} 35. Bxa5 {[%clk 0:02:02]} Qg5 {[%clk 0:01:40]} 36. Qd3+
{[%clk 0:01:52]} Kg8 {[%clk 0:01:45]} 37. Bc3 {[%clk 0:01:58]} Rad8
{[%clk 0:01:45]} 38. Nb7 {[%clk 0:02:02]} Rd7 {[%clk 0:01:27]} 39. Nc5
{[%clk 0:02:10]} Rde7 {[%clk 0:01:33]} 40. b4 {[%clk 0:02:09]} Rd8
{[%clk 0:00:52]} 41. a4 {[%clk 0:02:15]} Ree8 {[%clk 0:00:56]} 42. a5
{[%clk 0:02:24]} e5 {[%clk 0:00:54]} 43. dxe5 {[%clk 0:02:21]} f6
{[%clk 0:00:43]} 44. Bd2 {[%clk 0:01:13]} Rxe5 {[%clk 0:00:44]} 45. Ne4
{[%clk 0:00:56]} Qg6 {[%clk 0:00:42]} 46. Qd4 {[%clk 0:01:00]} Rde8
{[%clk 0:00:47]} 47. Bf4 {[%clk 0:01:07]} R5e6 {[%clk 0:00:52]} 48. Bg3
{[%clk 0:00:53]} f5 {[%clk 0:00:47]} 49. b5 {[%clk 0:00:38]} fxe4
{[%clk 0:00:52]} 50. b6 {[%clk 0:00:43]} exf3 {[%clk 0:00:54]} 51. Rxe6
{[%clk 0:00:52]} Qb1+ 0-1

[Event "Turniej Przyjazni Polsko-Wegierskiej"]
[Site "Katowice"]
[Date "2018.05.05"]
[Round "2.10"]
[White "Hnydiuk, Aleksander"]
[Black "Bartkiewicz, Pawel"]
[Result "1-0"]
[BlackElo "1882"]
[WhiteElo "2408"]
[LiveChessVersion "1.4.8"]

1. d4 {[%clk 0:15:17]} d5 {[%clk 0:15:19]} 2. c4 {[%clk 0:15:25]} dxc4
{[%clk 0:15:27]} 3. Nf3 {[%clk 0:15:18]} Nf6 {[%clk 0:15:35]} 4. Qa4+
{[%clk 0:14:59]} c6 {[%clk 0:15:42]} 5. Qxc4 {[%clk 0:15:07]} Bf5
{[%clk 0:15:39]} 6. g3 {[%clk 0:14:57]} e6 {[%clk 0:15:42]} 7. Bg2
{[%clk 0:15:04]} Be7 {[%clk 0:15:14]} 8. O-O {[%clk 0:15:11]} O-O
{[%clk 0:14:36]} 9. Nc3 {[%clk 0:14:50]} Nbd7 {[%clk 0:11:52]} 10. e3
{[%clk 0:14:55]} Qb6 {[%clk 0:10:46]} 11. Qe2 {[%clk 0:14:33]} Ne4
{[%clk 0:08:35]} 12. Nd2 {[%clk 0:14:00]} Nxd2 {[%clk 0:08:11]} 13. Bxd2
{[%clk 0:14:08]} Bg6 {[%clk 0:08:04]} 14. Na4 {[%clk 0:13:10]} Qd8
{[%clk 0:06:38]} 15. Rac1 {[%clk 0:12:22]} Rc8 {[%clk 0:05:57]} 16. Rfd1
{[%clk 0:12:06]} Bd6 {[%clk 0:04:42]} 17. b4 {[%clk 0:11:15]} a6 {[%clk 0:04:06]}
18. Be1 {[%clk 0:06:42]} Qe7 {[%clk 0:03:18]} 19. Qb2 {[%clk 0:06:44]} Nf6
{[%clk 0:02:52]} 20. Nb6 {[%clk 0:05:38]} Rb8 {[%clk 0:02:24]} 21. Nc4
{[%clk 0:05:36]} Bc7 {[%clk 0:02:21]} 22. a4 {[%clk 0:05:29]} Rfc8
{[%clk 0:01:56]} 23. b5 {[%clk 0:05:05]} axb5 {[%clk 0:02:04]} 24. axb5
{[%clk 0:05:14]} cxb5 {[%clk 0:02:05]} 25. Qxb5 {[%clk 0:05:22]} Be4
{[%clk 0:01:55]} 26. f3 {[%clk 0:03:22]} Bc6 {[%clk 0:02:03]} 27. Qb4
{[%clk 0:03:23]} Qxb4 {[%clk 0:01:18]} 28. Bxb4 {[%clk 0:03:31]} b5
{[%clk 0:00:23]} 29. Nd6 {[%clk 0:03:31]} Bxd6 {[%clk 0:00:26]} 30. Bxd6
{[%clk 0:03:40]} Ra8 {[%clk 0:00:33]} 31. e4 {[%clk 0:02:52]} Bd7
{[%clk 0:00:32]} 32. f4 {[%clk 0:02:31]} Ng4 {[%clk 0:00:25]} 33. e5
{[%clk 0:01:58]} Rxc1 {[%clk 0:00:20]} 34. Rxc1 {[%clk 0:02:07]} Rc8
{[%clk 0:00:27]} 35. Rc5 {[%clk 0:01:35]} Ne3 {[%clk 0:00:30]} 36. Bb7
{[%clk 0:01:42]} Rxc5 {[%clk 0:00:13]} 37. dxc5 {[%clk 0:01:49]} b4
{[%clk 0:00:12]} 38. c6 {[%clk 0:01:41]} Bc8 {[%clk 0:00:16]} 39. Bxc8
{[%clk 0:01:22]} b3 {[%clk 0:00:25]} 40. Ba3 {[%clk 0:01:30]} Nc4
{[%clk 0:00:23]} 41. Ba6 {[%clk 0:01:25]} 1-0

[Event "Turniej Przyjazni Polsko-Wegierskiej"]
[Site "Katowice"]
[Date "2018.05.05"]
[Round "2.11"]
[White "Matczyk, Bartosz"]
[Black "Kazakov, Mikhail"]
[Result "0-1"]
[BlackElo "2382"]
[WhiteElo "1888"]
[LiveChessVersion "1.4.8"]

1. e4 {[%clk 0:15:17]} d6 {[%clk 0:15:14]} 2. d4 {[%clk 0:15:18]} Nf6
{[%clk 0:15:19]} 3. Nc3 {[%clk 0:15:24]} g6 {[%clk 0:15:23]} 4. f4
{[%clk 0:15:22]} Bg7 {[%clk 0:15:29]} 5. Nf3 {[%clk 0:15:28]} O-O
{[%clk 0:15:36]} 6. Bc4 {[%clk 0:14:50]} Nxe4 {[%clk 0:15:06]} 7. Bxf7+
{[%clk 0:14:30]} Rxf7 {[%clk 0:15:11]} 8. Nxe4 {[%clk 0:14:37]} Bf5
{[%clk 0:14:29]} 9. Ng3 {[%clk 0:14:36]} Bg4 {[%clk 0:14:05]} 10. c3
{[%clk 0:14:11]} Nc6 {[%clk 0:13:38]} 11. O-O {[%clk 0:14:03]} Qd7
{[%clk 0:09:53]} 12. Qb3 {[%clk 0:13:43]} Na5 {[%clk 0:09:09]} 13. Qd5
{[%clk 0:12:49]} Bxf3 {[%clk 0:07:56]} 14. Rxf3 {[%clk 0:12:40]} Nc6
{[%clk 0:08:06]} 15. f5 {[%clk 0:10:04]} gxf5 {[%clk 0:06:47]} 16. Rxf5
{[%clk 0:09:17]} e6 {[%clk 0:06:54]} 17. Rxf7 {[%clk 0:08:14]} Qxf7
{[%clk 0:07:02]} 18. Qb3 {[%clk 0:08:23]} Na5 {[%clk 0:06:29]} 19. Qb5
{[%clk 0:07:25]} b6 {[%clk 0:06:12]} 20. Be3 {[%clk 0:06:01]} a6 {[%clk 0:06:01]}
21. Qg5 {[%clk 0:05:49]} Qg6 {[%clk 0:05:11]} 22. b3 {[%clk 0:04:36]} Qxg5
{[%clk 0:04:10]} 23. Bxg5 {[%clk 0:04:44]} c5 {[%clk 0:04:19]} 24. Rd1
{[%clk 0:04:11]} cxd4 {[%clk 0:04:00]} 25. cxd4 {[%clk 0:04:20]} Nc6
{[%clk 0:03:48]} 26. d5 {[%clk 0:04:20]} Bd4+ {[%clk 0:03:44]} 27. Kh1
{[%clk 0:03:46]} exd5 {[%clk 0:03:52]} 28. Nf5 {[%clk 0:03:47]} Re8
{[%clk 0:02:38]} 29. g4 {[%clk 0:03:55]} Re4 {[%clk 0:02:20]} 30. h3
{[%clk 0:03:44]} Be5 {[%clk 0:02:16]} 31. Rf1 {[%clk 0:02:36]} Nd4
{[%clk 0:01:09]} 32. Nh6+ Kg7 33. h4 {[%clk 0:02:07]} Ne6 {[%clk 0:00:32]} 34.
Bd2 {[%clk 0:01:00]} Bf4 {[%clk 0:00:34]} 35. Nf5+ {[%clk 0:01:03]} Kg8
{[%clk 0:00:14]} 36. Ne7+ {[%clk 0:01:04]} Kg7 {[%clk 0:00:22]} 37. Nf5+
{[%clk 0:01:11]} Kg8 {[%clk 0:00:13]} 38. Ne7+ {[%clk 0:01:18]} Kh8
{[%clk 0:00:12]} 39. Bc3+ {[%clk 0:01:00]} d4 {[%clk 0:00:21]} 40. Ba1
{[%clk 0:01:09]} Bg3 {[%clk 0:00:17]} 41. Nf5 {[%clk 0:01:08]} Be5
{[%clk 0:00:20]} 42. Nh6 {[%clk 0:00:53]} Re2 {[%clk 0:00:25]} 43. g5
{[%clk 0:00:38]} Rh2+ {[%clk 0:00:23]} 44. Kg1 {[%clk 0:00:46]} Rxh4
{[%clk 0:00:33]} 45. Rc1 {[%clk 0:00:21]} Rh5 {[%clk 0:00:16]} 0-1

[Event "Turniej Przyjazni Polsko-Wegierskiej"]
[Site "Katowice"]
[Date "2018.05.05"]
[Round "2.12"]
[White "Razin, Vadim"]
[Black "Malinowski, Damian"]
[Result "1-0"]
[BlackElo "1869"]
[WhiteElo "2373"]
[LiveChessVersion "1.4.8"]

1. d4 {[%clk 0:15:19]} d5 {[%clk 0:15:18]} 2. Nf3 {[%clk 0:15:27]} c6
{[%clk 0:15:26]} 3. c4 {[%clk 0:15:33]} Nf6 {[%clk 0:15:33]} 4. Nc3
{[%clk 0:15:42]} a6 {[%clk 0:15:38]} 5. e3 {[%clk 0:15:47]} b5 {[%clk 0:15:42]}
6. c5 {[%clk 0:15:56]} Nbd7 {[%clk 0:15:36]} 7. Qb3 {[%clk 0:15:14]} e5
{[%clk 0:13:59]} 8. a4 {[%clk 0:15:12]} Bb7 {[%clk 0:13:28]} 9. Be2
{[%clk 0:14:18]} Be7 {[%clk 0:13:19]} 10. O-O {[%clk 0:14:00]} O-O
{[%clk 0:13:19]} 11. Bd2 {[%clk 0:12:05]} Qc7 {[%clk 0:13:09]} 12. Rfc1
{[%clk 0:11:55]} Rfb8 {[%clk 0:12:15]} 13. Na2 {[%clk 0:10:29]} Ne4
{[%clk 0:09:54]} 14. Be1 {[%clk 0:10:16]} exd4 {[%clk 0:09:27]} 15. exd4
{[%clk 0:10:17]} Bf6 {[%clk 0:09:13]} 16. Nb4 {[%clk 0:08:33]} Nf8
{[%clk 0:06:40]} 17. axb5 {[%clk 0:05:46]} axb5 {[%clk 0:06:41]} 18. Rxa8
{[%clk 0:05:44]} Rxa8 {[%clk 0:06:00]} 19. Bxb5 {[%clk 0:05:24]} Qf4
{[%clk 0:03:19]} 20. Nd3 {[%clk 0:04:13]} Qh6 {[%clk 0:03:13]} 21. Ba4
{[%clk 0:03:37]} Ba6 {[%clk 0:03:01]} 22. Rd1 {[%clk 0:03:37]} Ne6
{[%clk 0:02:20]} 23. Bxc6 {[%clk 0:02:58]} Bc4 {[%clk 0:01:53]} 24. Qc2
{[%clk 0:02:40]} Rb8 {[%clk 0:01:38]} 25. Nb4 {[%clk 0:01:14]} Nf4
{[%clk 0:00:46]} 26. Bxd5 {[%clk 0:01:16]} Qg6 {[%clk 0:00:22]} 27. Nh4
{[%clk 0:00:49]} Bxh4 {[%clk 0:00:19]} 28. Bxe4 {[%clk 0:00:51]} Qg5
{[%clk 0:00:17]} 29. Qxc4 {[%clk 0:00:30]} Re8 {[%clk 0:00:19]} 30. Bf3
{[%clk 0:00:16]} Nh3+ {[%clk 0:00:22]} 31. Kf1 {[%clk 0:00:23]} Nf4
{[%clk 0:00:19]} 32. Bd2 {[%clk 0:00:22]} Qf6 {[%clk 0:00:12]} 33. Nd5
{[%clk 0:00:12]} Nxd5 {[%clk 0:00:14]} 34. Qxd5 {[%clk 0:00:20]} Rd8
{[%clk 0:00:22]} 35. Qe5 {[%clk 0:00:19]} Qa6+ {[%clk 0:00:20]} 36. Kg1
{[%clk 0:00:23]} Qd3 {[%clk 0:00:19]} 37. Bg5 {[%clk 0:00:16]} 1-0

[Event "Turniej Przyjazni Polsko-Wegierskiej"]
[Site "Katowice"]
[Date "2018.05.05"]
[Round "2.13"]
[White "Pietrucha, Jaroslaw"]
[Black "Socko, Monika"]
[Result "0-1"]
[BlackElo "2360"]
[WhiteElo "1873"]
[LiveChessVersion "1.4.8"]

1. e4 {[%clk 0:15:15]} c6 {[%clk 0:15:18]} 2. d4 {[%clk 0:15:18]} d5
{[%clk 0:15:25]} 3. exd5 {[%clk 0:15:26]} cxd5 {[%clk 0:15:33]} 4. Nf3
{[%clk 0:15:30]} Nc6 {[%clk 0:15:41]} 5. c3 {[%clk 0:15:28]} Qc7 {[%clk 0:15:18]}
6. Bd3 {[%clk 0:15:27]} Bg4 {[%clk 0:15:19]} 7. Be2 {[%clk 0:13:53]} Nf6
{[%clk 0:15:19]} 8. Bg5 {[%clk 0:13:57]} Ne4 {[%clk 0:15:10]} 9. Bh4
{[%clk 0:13:44]} e6 {[%clk 0:15:18]} 10. Bg3 {[%clk 0:13:47]} Nxg3
{[%clk 0:15:25]} 11. hxg3 {[%clk 0:13:49]} Bd6 {[%clk 0:15:31]} 12. Nbd2
{[%clk 0:13:46]} h6 {[%clk 0:15:08]} 13. Rc1 {[%clk 0:13:38]} O-O
{[%clk 0:14:42]} 14. O-O {[%clk 0:13:32]} Bf5 {[%clk 0:14:36]} 15. Re1
{[%clk 0:13:10]} Rad8 {[%clk 0:14:42]} 16. Nb3 {[%clk 0:12:41]} a5
{[%clk 0:14:27]} 17. Nbd2 {[%clk 0:12:20]} Rfe8 {[%clk 0:14:24]} 18. a4
{[%clk 0:11:16]} Bh7 {[%clk 0:13:41]} 19. Nf1 {[%clk 0:11:07]} Qb6 20. b3
{[%clk 0:10:51]} Ba3 {[%clk 0:13:52]} 21. Bd3 {[%clk 0:08:40]} Bxc1
{[%clk 0:13:41]} 22. Bxh7+ {[%clk 0:08:35]} Kxh7 {[%clk 0:13:49]} 23. Qd3+
{[%clk 0:08:37]} Kg8 {[%clk 0:13:36]} 24. Rxc1 {[%clk 0:08:41]} Qxb3
{[%clk 0:13:33]} 25. Rb1 {[%clk 0:08:33]} Qxa4 {[%clk 0:13:24]} 26. Rxb7
{[%clk 0:08:24]} Rb8 {[%clk 0:13:14]} 27. Qa6 {[%clk 0:07:02]} Qc4
{[%clk 0:13:02]} 28. Qb6 {[%clk 0:06:32]} a4 {[%clk 0:11:46]} 29. Ne5
{[%clk 0:06:19]} Rxb7 {[%clk 0:11:31]} 30. Qxb7 {[%clk 0:04:36]} Nxe5
{[%clk 0:11:38]} 31. dxe5 {[%clk 0:04:32]} Qxc3 {[%clk 0:11:42]} 32. Qd7
{[%clk 0:04:24]} Ra8 {[%clk 0:11:43]} 33. Ne3 {[%clk 0:04:23]} a3
{[%clk 0:11:38]} 34. Qb7 {[%clk 0:03:38]} Qc8 {[%clk 0:11:44]} 35. Qb1
{[%clk 0:02:12]} a2 {[%clk 0:11:52]} 36. Qa1 {[%clk 0:02:00]} d4 {[%clk 0:11:56]}
37. Ng4 {[%clk 0:01:53]} Qc3 {[%clk 0:12:03]} 0-1